Counseling : (Record no. 144355)

MARC details
000 -LEADER
fixed length control field 00903nam a22002417a 4500
005 - DATE AND TIME OF LATEST TRANSACTION
control field 20180210144414.0
010 ## - LCCN (DPL NO)
LC control number 1718EN-30 ENG-121791
020 ## - INTERNATIONAL STANDARD BOOK NUMBER
International Standard Book Number 9789332583269
Terms of availability 529.00
035 ## - SYSTEM CONTROL NUMBER
System control number EN-105323
035 ## - SYSTEM CONTROL NUMBER
System control number B-684001-4007
037 ## - SOURCE OF ACQUISITION
Source of stock number/acquisition BSB
Stock number dpl
037 ## - SOURCE OF ACQUISITION
Source of stock number/acquisition DBAD/PUB
082 ## - DEWEY DECIMAL CLASSIFICATION NUMBER
Classification number 158.3
100 ## - MAIN ENTRY--PERSONAL NAME
Personal name Gladding, Samuel T.
245 ## - TITLE STATEMENT
Title Counseling :
Statement of responsibility, etc by Samuel T. Gladding
Remainder of title a comprehensive profession /
250 ## - EDITION STATEMENT
Edition statement 7th ed
260 ## - PUBLICATION, DISTRIBUTION, ETC. (IMPRINT)
Date of publication, distribution, etc 2017
Place of publication, distribution, etc Noida
Name of publisher, distributor, etc Pearson India
270 ## - ADDRESS
Address 15th Floor,, Tower-B, World Trade, Plot No.1, Block-C, Sector-16,
City Noida
Postal code 201301
300 ## - PHYSICAL DESCRIPTION
Dimensions 23cm(pbk)
Extent xix,487p.
500 ## - GENERAL NOTE
General note Includes bibliographical references and index
942 ## - ADDED ENTRY ELEMENTS (KOHA)
Item type English Books
Source of classification or shelving scheme Dewey Decimal Classification
Call number suffix GLA
Classification part 158.3
Holdings
Withdrawn status Lost status Not for loan Collection code Home library Current library Date acquired Source of acquisition Cost, normal purchase price Full call number Barcode Copy number Cost, replacement price Koha item type
      Non-fiction Ashok Vihar Ashok Vihar 10/02/2018 BSB/299/1.12.2017/BPPB/EN/2017-18/641/20.11.17/14.12.2017 529.00 158.3 GLA B-684002 1 529.00 English Books
    Not For Loan Non-fiction D.B.Act.Division Bawana 08/12/2017 DBAD/PUB 529.00 158.3 GLA EN-105323 1 529.00 English Books
      Non-fiction Bawana Bawana 10/02/2018 BSB/299/1.12.2017/BPPB/EN/2017-18/641/20.11.17/14.12.2017 529.00 158.3 GLA B-684007 1 529.00 English Books
      Non-fiction Central Library Central Library 10/02/2018 BSB/299/1.12.2017/BPPB/EN/2017-18/641/20.11.17/14.12.2017 529.00 158.3 GLA B-684001 1 529.00 English Books
      Non-fiction Janak Puri Janak Puri 10/02/2018 BSB/299/1.12.2017/BPPB/EN/2017-18/641/20.11.17/14.12.2017 529.00 158.3 GLA B-684004 1 529.00 English Books
      Non-fiction Narela Narela 10/02/2018 BSB/299/1.12.2017/BPPB/EN/2017-18/641/20.11.17/14.12.2017 529.00 158.3 GLA B-684006 1 529.00 English Books
      Non-fiction Patel Nagar Patel Nagar 10/02/2018 BSB/299/1.12.2017/BPPB/EN/2017-18/641/20.11.17/14.12.2017 529.00 158.3 GLA B-684003 1 529.00 English Books
      Non-fiction Sarojini Nagar Sarojini Nagar 10/02/2018 BSB/299/1.12.2017/BPPB/EN/2017-18/641/20.11.17/14.12.2017 529.00 158.3 GLA B-684005 1 529.00 English Books

© Delhi Public Library
Hit Counter
free hit counter